| 000 | 00612nam a2200205Ia 4500 | ||
|---|---|---|---|
| 001 | 5481 | ||
| 003 | GE_BSU | ||
| 008 | 181216s||||||||xx |||||||||||||| ||und|| | ||
| 040 | _cGE_BSU | ||
| 080 | _a510+511+512+514 | ||
| 100 | _aЛидский, В.Б. | ||
| 245 | _aЗадачи по элементарной математике. | ||
| 245 | _cРед. В.А. Солодков. | ||
| 260 | _aМосква | ||
| 260 | _bГосиздат физ.-мат. лит-ры | ||
| 260 | _c1960 | ||
| 300 | _a463 с. 20 см. | ||
| 653 | _aЗадачи по элементарной математике. | ||
| 942 | _cBK | ||
| 999 |
_c39004 _d39004 |
||